Principles of electromechanical-energy conversion (Record no. 23169)

000 -LEADER
fixed length control field 00596nam a22002051 4500
001 - CONTROL NUMBER
control field 23169
003 - CONTROL NUMBER IDENTIFIER
control field BD-DhUET
008 - FIXED-LENGTH DATA ELEMENTS--GENERAL INFORMATION
fixed length control field 730301s1966 xx 000 0 eng
040 ## - CATALOGING SOURCE
Original cataloging agency DLC
Transcribing agency DLC
Modifying agency BD-DhUET
082 ## - DEWEY DECIMAL CLASSIFICATION NUMBER
Classification number 623.13
Item number MEI/1966
100 ## - MAIN ENTRY--PERSONAL NAME
Personal name Meisel, Jerome
245 10 - TITLE STATEMENT
Title Principles of electromechanical-energy conversion
250 ## - EDITION STATEMENT
Edition statement 1st ed.
260 ## - PUBLICATION, DISTRIBUTION, ETC. (IMPRINT)
Place of publication, distribution, etc. New York
Name of publisher, distributor, etc. McGraw-Hill
Date of publication, distribution, etc. 1966
300 ## - PHYSICAL DESCRIPTION
Extent xvii, 639p.
Other physical details ill.
490 ## - SERIES STATEMENT
Series statement McGraw-Hill electrical and electronic engineering series
504 ## - BIBLIOGRAPHY, ETC. NOTE
Bibliography, etc Includes bibliographies
650 #0 - SUBJECT ADDED ENTRY--TOPICAL TERM
Topical term or geographic name as entry element Mechinery: Electrical engineering
942 ## - ADDED ENTRY ELEMENTS (KOHA)
Koha item type General Book
Holdings
Not for loan Withdrawn status Koha item type Date acquired Lost status Location (home branch) Sublocation or collection (holding branch) Damaged status Copy number Koha normalized classification for sorting Piece designation (barcode) Koha date last seen Price effective from Koha full call number Source of classification or shelving scheme Shelving location
  General Book2015-05-03 Central Library, BUETCentral Library, BUET 1623_130000000000000_MEI_1968118782015-05-032015-05-03623.13/MEI/1968 Circulation section
  General Book2015-05-03 Central Library, BUETCentral Library, BUET 2623_130000000000000_MEI_1966118772015-05-032015-05-03623.13/MEI/1966 Circulation section
  General Book2015-05-03 Central Library, BUETCentral Library, BUET 3623_130000000000000_MEI_1966118752015-05-032015-05-03623.13/MEI/1966 Circulation section
  General Book2015-05-03 Central Library, BUETCentral Library, BUET 4623_130000000000000_MEI_1966114382015-05-032015-05-03623.13/MEI/1966 Circulation section
  General Book2015-05-03 Central Library, BUETCentral Library, BUET 5623_130000000000000_MEI_1966118762015-05-032015-05-03623.13/MEI/1966 Circulation section
  General Book2015-05-03 Central Library, BUETCentral Library, BUET 6623_130000000000000_MEI_1966114372015-05-032015-05-03623.13/MEI/1966 Circulation section
  General Book2015-05-03 Central Library, BUETCentral Library, BUET 7623_130000000000000_MEI_1966118792015-05-032015-05-03623.13/MEI/1966 Circulation section
  General Book2015-05-03 Central Library, BUETCentral Library, BUET 8623_130000000000000_MEI_1966849292015-05-032015-05-03623.13/MEI/1966 Circulation section
  General Book2015-05-07 Central Library, BUETCentral Library, BUET 9623_130000000000000_MEI_1966155392015-05-072015-05-07623.13/MEI/1966 Circulation section
  General Book2015-07-12 Central Library, BUETCentral Library, BUET 10623_130000000000000_MEI_1966392512015-07-122015-07-12623.13/MEI/1966 Circulation section